00816 2200241 4500001002100000005001700021008004100038035002400079082001100103090002200114100001800136245016400154250001100318260002900329300002900358500008100387500002600468650002900494850001500523980001500538985000600553999001500559YOGYA-0209000004138720090227025751.0 ind  0010-020900000041387 a338.64 a338.64bJok PlSK aJOKO SUTRISNO aPeranan industri kerajinan mebel bambu dalam meningkatkan pendapatan masyarakatbstudy kasus di desa Sendari Tirtoadi Mlati Slemancdisusun oleh, Joko Sutrisno aCet. 1 aYogyakartab[s.n.]c1995 axii, 63 hlmbilusc29 cm aSkripsi jurusan ilmu ekonomi dan studi pembangunan STIE kerjasama Yogyakarta aBibliografi : hlm. 57 aIndustri kerajinan bambu aYOPDYOG(B) a23-01-2008 a1 a07A0027357